Patrick J. Cusack v London Borough of Harrow (Record no. 83680)

MARC details
000 -LEADER
fixed length control field 01208cab a22002055a 4500
001 - CONTROL NUMBER
control field L154586
008 - FIXED-LENGTH DATA ELEMENTS--GENERAL INFORMATION
fixed length control field 120103e2011 xxk 000 0 eng d
035 ## - SYSTEM CONTROL NUMBER
System control number (Sirsi) u154586
041 0# - LANGUAGE CODE
Language code of text/sound track or separate title eng
245 00 - TITLE STATEMENT
Title Patrick J. Cusack v London Borough of Harrow
Medium [electronic resource]
260 ## - PUBLICATION, DISTRIBUTION, ETC.
Date of publication, distribution, etc. 2011
520 ## - SUMMARY, ETC.
Summary, etc. [2011] EWCA Civ 1514, 7 December 2011. A highway authority has in certain circumstances a statutory right to prevent access to the public highway without having to pay compensation. Claimant C appealed against a decision allowing defendant H to place barriers or posts to prevent drivers crossing the pavement which was the means of access for customers to solicitor C's forecourt for parking purposes. "Held": CA found in favour of H. Although C contended that H's actions would infringe his property rights (access used for 40 years), CA agreed with H that the access was a safety risk.
590 ## - LOCAL NOTE (RLIN)
Local note KA
650 24 - SUBJECT ADDED ENTRY--TOPICAL TERM
Topical term or geographic name entry element CUSACK V HARROW LBC
650 24 - SUBJECT ADDED ENTRY--TOPICAL TERM
Topical term or geographic name entry element HIGHWAYS ACT 1980 S80
651 #4 - SUBJECT ADDED ENTRY--GEOGRAPHIC NAME
Geographic name England and Wales
Chronological subdivision 1543-
690 ## - LOCAL SUBJECT ADDED ENTRY--TOPICAL TERM (OCLC, RLIN)
Topical term or geographic name as entry element Boundary disputes
9 (RLIN) 6221
856 40 - ELECTRONIC LOCATION AND ACCESS
Uniform Resource Identifier <a href="https://www.bailii.org/ew/cases/EWCA/Civ/2011/1514.html">https://www.bailii.org/ew/cases/EWCA/Civ/2011/1514.html</a>
Public note View the law report free of charge at www.bailii.org
942 ## - ADDED ENTRY ELEMENTS (KOHA)
Suppress in OPAC 0
Holdings
Withdrawn status Lost status Source of classification or shelving scheme Damaged status Not for loan Home library Current library Shelving location Date acquired Total Checkouts Full call number Barcode Date last seen Copy number Price effective from Koha item type
    Dewey Decimal Classification     Virtual Virtual Online 30/12/2011   ONLINE PUBLICATION 154586-2001 06/08/2019 1 06/08/2019 Law report